Syllabus design

Guardat en:
Dades bibliogràfiques
Autor principal: Nunan, David (Autor)
Format: Llibre
Idioma:anglès
Publicat: Oxford Oxford University Press 1988
Edició:1a. ed
Col·lecció:Language Teaching: A Scheme for Teacher Education
Matèries:
Etiquetes: Afegir etiqueta
Sense etiquetes, Sigues el primer a etiquetar aquest registre!

MARC

LEADER 00000nam a2200000 a 4500
001 UCX2763
003 CL-VaPUC
008 910808e19880000UK |||||||||||||||||eng|d
020 |a 9780194371391 
082 0 4 |a 428.8  |b NUN  |2 21 
100 |a Nunan, David  |e author  |9 565573 
245 1 0 |a Syllabus design 
250 |a 1a. ed 
300 |a 165 p 
942 |c BK 
945 |d 19910808 00:00:00 
260 |a Oxford  |b Oxford University Press  |c 1988 
650 0 |a Lengua inglesa  |9 318842 
650 0 |a Comprensión de lectura  |9 307588 
650 0 |a Sintaxis  |9 318843 
583 |a last modification  |c 19910808 00:00:00  |k Rodrigo Vera 
490 0 |a Language Teaching: A Scheme for Teacher Education 
999 |c 223711  |d 223709 
952 |0 0  |1 0  |4 0  |6 428_800000000000000_NUN_1988  |7 0  |8 A  |9 219750  |a BIBEDU  |b BIBEDU  |d 2019-11-15  |i 2884518  |o 428.8 NUN 1988  |p 2884518  |r 2019-11-15  |w 2019-11-15  |y BK  |k LIT 
952 |0 0  |1 0  |4 0  |6 428_800000000000000_NUN_1988  |7 0  |8 A  |9 219751  |a FDOPOS  |b FDOPOS  |d 2019-11-15  |i 4567285  |o 428.8 NUN 1988  |p 4567285  |r 2025-01-22  |w 2019-11-15  |y BK  |k DLA 
952 |0 0  |1 0  |4 0  |6 428_800000000000000_NUN_1988  |7 0  |8 A  |9 219752  |a FDOPOS  |b FDOPOS  |d 2019-11-15  |i 4567293  |o 428.8 NUN 1988  |p 4567293  |r 2025-01-22  |w 2019-11-15  |y BK  |k DLA